| 000 | 01646nam a2200373Ia 4500 | ||
|---|---|---|---|
| 001 | ebr10267558 | ||
| 003 | CaPaEBR | ||
| 006 | m u | ||
| 007 | cr cn||||||||| | ||
| 008 | 081217s2008 dcu sb 000 0 eng d | ||
| 020 | _z0309124786 (pbk.) | ||
| 020 | _z0309124794 (pdf) | ||
| 020 | _z9780309124782 (pbk.) | ||
| 020 | _z9780309124799 (pdf) | ||
| 040 |
_aCaPaEBR _cCaPaEBR |
||
| 035 | _a(OCoLC)275175228 | ||
| 050 | 1 | 4 |
_aTJ163.15 _b.N365 2008eb |
| 082 | 0 | 4 |
_a333.790973 _222 |
| 111 | 2 |
_aNational Academies Summit on America's Energy Future _d(2008 : _cWashington, D.C.) |
|
| 245 | 1 | 4 |
_aThe National Academies Summit on America's Energy Future _h[electronic resource] : _bsummary of a meeting / _cSteve Olson and Robert W. Fri, editors. |
| 260 |
_aWashington, D.C. : _bNational Academies Press, _c2008. |
||
| 300 | _axvii, 161 p. | ||
| 500 | _a"Committee for the National Academies Summit on America's Energy Future." | ||
| 500 | _aChronicles the discussions of the summit held in Washington, D.C. March 13-14, 2008. | ||
| 504 | _aIncludes bibliographical references. | ||
| 533 |
_aElectronic reproduction. _bPalo Alto, Calif. : _cebrary, _d2009. _nAvailable via World Wide Web. _nAccess may be limited to ebrary affiliated libraries. |
||
| 650 | 0 |
_aEnergy policy _zUnited States _vCongresses. |
|
| 650 | 0 |
_aPower resources _zUnited States _vCongresses. |
|
| 655 | 7 |
_aElectronic books. _2local |
|
| 700 | 1 | _aFri, Robert W. | |
| 700 | 1 |
_aOlson, Steve, _d1956- |
|
| 710 | 2 | _aebrary, Inc. | |
| 856 | 4 | 0 |
_uhttp://site.ebrary.com/lib/rucke/Doc?id=10267558 _zAn electronic book accessible through the World Wide Web; click to view |
| 999 |
_c23636 _d23636 |
||